[Event "Dortmund Sparkassen op-B"]
[Site "Dortmund"]
[Date "2013.08.04"]
[Round "9"]
[White "Haeck, Julian"]
[Black "Regber, Karl Heinz"]
[Result "1/2-1/2"]
[WhiteElo "1692"]
[BlackElo "1464"]
[PlyCount "74"]
[EventDate "2013.07.27"]
[EventType "swiss"]
[EventRounds "9"]
[EventCountry "GER"]
[SourceTitle "EXT 2022"]
[Source "ChessBase"]
[SourceDate "2021.10.06"]
[SourceVersion "1"]
[SourceVersionDate "2021.10.06"]
[SourceQuality "1"]

1. e4 e6 2. d4 d5 3. Nd2 Nf6 4. e5 Nfd7 5. Bd3 c5 6. c3 Nc6 7. Ngf3 Be7 8. 0-0 0-0 9. Kh1 cxd4 10. cxd4 g6 11. Nb3 Re8 12. Ng1 f5 13. exf6 Bxf6 14. Be3 Nf8 15. f4 a5 16. a4 Nb4 17. Bb1 b6 18. Rf3 Bg7 19. Rg3 Ra7 20. Nf3 Rc7 21. Ne5 Ba6 22. Qg4 Nc2 23. Ra2 Nxe3 24. Rxe3 Bc4 25. Bc2 Bxb3 26. Bxb3 Rc1+ 27. Bd1 Qc7 28. b3 Rc3 29. Qf3 Rc8 30. h3 Rxe3 31. Qxe3 Qc1 32. Qe2 Qxf4 33. Rd2 Bh6 34. Rd3 Rc1 35. Nf3 Qe4 36. Qf1 Qf5 37. Qe2 Qe4 1/2-1/2

[Event "Dortmund Sparkassen op-B"]
[Site "Dortmund"]
[Date "2013.07.28"]
[Round "2"]
[White "Roth, Jan Paul"]
[Black "Haeck, Julian"]
[Result "1/2-1/2"]
[WhiteElo "1387"]
[BlackElo "1692"]
[PlyCount "89"]
[EventDate "2013.07.27"]
[EventType "swiss"]
[EventRounds "9"]
[EventCountry "GER"]
[SourceTitle "EXT 2022"]
[Source "ChessBase"]
[SourceDate "2021.10.06"]
[SourceVersion "1"]
[SourceVersionDate "2021.10.06"]
[SourceQuality "1"]

1. d4 Nf6 2. Nf3 g6 3. c4 c5 4. Nc3 cxd4 5. Nxd4 Bg7 6. g3 0-0 7. Bg2 d6 8. 0-0 Nbd7 9. Rb1 Rb8 10. Ndb5 a6 11. Na3 Ne5 12. Nd5 Bf5 13. Nxf6+ Bxf6 14. e4 Be6 15. b3 Qd7 16. Bb2 Bg4 17. Qd2 Nf3+ 18. Bxf3 Bxf3 19. Qf4 Bxb2 20. Rxb2 Bg4 21. f3 Be6 22. Nc2 Qc7 23. g4 Bd7 24. h4 b5 25. cxb5 Bxb5 26. Rf2 Rfc8 27. Nd4 Bd7 28. Rbc2 Qb6 29. Rxc8+ Rxc8 30. Qe3 Qa5 31. Qd2 Qe5 32. Rg2 Qf6 33. g5 Qe5 34. Qe3 Bh3 35. f4 Qc5 36. Rc2 Qa3 37. Rxc8+ Bxc8 38. Qc3 Bg4 39. Nc6 e6 40. Ne7+ Kf8 41. Qc8+ Kxe7 42. Qc7+ Ke8 43. Qc8+ Ke7 44. Qc7+ Kf8 45. Qd8+ 1/2-1/2

[Event "Dortmund Sparkassen op-B"]
[Site "Dortmund"]
[Date "2011.07.30"]
[Round "8"]
[White "Hellwig, Thomas"]
[Black "Haeck, Julian"]
[Result "1-0"]
[WhiteElo "2046"]
[BlackElo "1502"]
[PlyCount "95"]
[EventDate "2011.07.23"]
[EventType "swiss"]
[EventRounds "9"]
[EventCountry "GER"]
[SourceTitle "EXT 2013"]
[Source "ChessBase"]
[SourceDate "2012.11.22"]
[SourceVersion "1"]
[SourceVersionDate "2012.11.22"]
[SourceQuality "1"]

1. d4 Nf6 2. c4 c5 3. d5 b5 4. Nf3 g6 5. cxb5 a6 6. b6 Qxb6 7. Nc3 Bg7 8. e4 d6 9. Nd2 0-0 10. Nc4 Qc7 11. a4 Nbd7 12. Be2 Rb8 13. 0-0 Nb6 14. Ne3 Nfd7 15. a5 Na8 16. Nc4 Qb7 17. Ra3 Nc7 18. Bg5 Re8 19. Na4 h6 20. Bf4 Nb5 21. Rb3 Qc7 22. Nab6 Nd4 23. Rd3 Nxb6 24. Nxb6 Bd7 25. Rxd4 Bxd4 26. Bxa6 Kh7 27. b3 Rxb6 28. axb6 Qxb6 29. Bc4 Bb5 30. Qf3 Kg7 31. Qh3 h5 32. Be3 Bf6 33. f4 Bxc4 34. bxc4 Bd4 35. Bxd4+ cxd4 36. Qd3 Rc8 37. f5 Qb2 38. Qf3 Qc3 39. f6+ Kg8 40. Qxc3 dxc3 41. fxe7 Re8 42. e5 Rxe7 43. exd6 Ra7 44. c5 Kf8 45. Re1 c2 46. c6 c1Q 47. Rxc1 Ke8 48. c7 1-0

[Event "Dortmund Sparkassen op-B"]
[Site "Dortmund"]
[Date "2011.07.29"]
[Round "7"]
[White "Haeck, Julian"]
[Black "Litfin, Boris"]
[Result "1-0"]
[WhiteElo "1502"]
[BlackElo "1950"]
[PlyCount "49"]
[EventDate "2011.07.23"]
[EventType "swiss"]
[EventRounds "9"]
[EventCountry "GER"]
[SourceTitle "EXT 2013"]
[Source "ChessBase"]
[SourceDate "2012.11.22"]
[SourceVersion "1"]
[SourceVersionDate "2012.11.22"]
[SourceQuality "1"]

1. e4 d6 2. d4 Nf6 3. Nc3 g6 4. f4 Bg7 5. a3 0-0 6. Be2 Na6 7. Be3 c5 8. e5 Nd7 9. Nf3 cxd4 10. Bxd4 dxe5 11. fxe5 b6 12. Bc4 Nc7 13. 0-0 h6 14. Qe2 Ne6 15. Bxe6 fxe6 16. Qe4 Ba6 17. Qxg6 Bxf1 18. Qxe6+ Kh7 19. Rxf1 Rc8 20. Nd5 Nc5 21. Bxc5 Rxc5 22. Nxe7 Qe8 23. Ng5+ hxg5 24. Rxf8 Bxf8 25. Qg8+ 1-0

[Event "Dortmund Sparkassen op-B"]
[Site "Dortmund"]
[Date "2011.07.27"]
[Round "5"]
[White "Haeck, Julian"]
[Black "Mueller, Rene"]
[Result "1/2-1/2"]
[WhiteElo "1502"]
[BlackElo "1777"]
[PlyCount "42"]
[EventDate "2011.07.23"]
[EventType "swiss"]
[EventRounds "9"]
[EventCountry "GER"]
[SourceTitle "EXT 2013"]
[Source "ChessBase"]
[SourceDate "2012.11.22"]
[SourceVersion "1"]
[SourceVersionDate "2012.11.22"]
[SourceQuality "1"]

1. e4 e5 2. Nf3 Nc6 3. d4 exd4 4. Nxd4 Bc5 5. Be3 Qf6 6. Nb5 Bxe3 7. fxe3 Qh4+ 8. g3 Qd8 9. Qg4 g5 10. N1c3 d6 11. Qe2 a6 12. Nd4 h5 13. Nf5 Ne5 14. Bh3 g4 15. Bg2 Ne7 16. Rf1 Rg8 17. Nd5 Nxd5 18. exd5 Bd7 19. Qd2 Qg5 20. e4 0-0-0 21. 0-0-0 Rde8 1/2-1/2

[Event "Dortmund Sparkassen op-B"]
[Site "Dortmund"]
[Date "2011.07.23"]
[Round "1"]
[White "Haeck, Julian"]
[Black "Singh, Marcel"]
[Result "1/2-1/2"]
[WhiteElo "1502"]
[BlackElo "1904"]
[PlyCount "64"]
[EventDate "2011.07.23"]
[EventType "swiss"]
[EventRounds "9"]
[EventCountry "GER"]
[SourceTitle "EXT 2013"]
[Source "ChessBase"]
[SourceDate "2012.11.22"]
[SourceVersion "1"]
[SourceVersionDate "2012.11.22"]
[SourceQuality "1"]

1. e4 Nf6 2. e5 Nd5 3. d4 d6 4. c4 Nb6 5. Nf3 Nc6 6. exd6 cxd6 7. d5 Ne5 8. Nxe5 dxe5 9. Nc3 e6 10. a3 exd5 11. Nxd5 Bc5 12. Be3 Bxe3 13. Nxe3 0-0 14. Qc2 Be6 15. Bd3 h6 16. 0-0 Qg5 17. Rfd1 f5 18. c5 f4 19. Nc4 f3 20. g3 Nd7 21. b4 Rf4 22. Nd6 Nf6 23. Ne4 Nxe4 24. Bxe4 Qg4 25. Bd3 Qg5 26. Bf1 Rh4 27. Kh1 Rh5 28. Rd6 Bh3 29. Rg6 Qe7 30. Bxh3 Rxh3 31. Qf5 Qf7 32. Rxg7+ Kxg7 1/2-1/2